000 00301nam a2200109Ia 4500
008 230907s9999||||xx |||||||||||||| ||und||
082 _a621.402,OCH
100 _aOchkov, Valery.
_9115144
245 0 _aThermal engineering studies with excel, mathcad and Internet/
300 _axv,307p.:
942 _cBK
999 _c597713
_d597713